000 00539nam a2200181Ia 4500
999 _c14935
_d14935
003 OSt
005 20201019112740.0
008 190216s9999||||xx |||||||||||||| ||und||
020 _a9789350848135
040 _coclc
082 _a305.56880954
_bPRA/D
100 _aPrasad, Jai Shankar
_95848
245 0 _aDalit And Indian Caste System /
_cJai Shankar Prasad
260 _bCentrum Press,
_c2017.
_aNew Delhi:
300 _a272p
650 _aEnglish
942 _cBK
_2ddc
_h305.56880954
_iPRA/D
_k305.56880954
_mPRA/D